Sistematización de la Legislación Laboral Peruana : (Record no. 12603)

000 -CABECERA
fixed length control field 01052nam a22002297a 4500
003 - IDENTIFICADOR DEL NÚMERO DE CONTROL
control field AR-CdUCM
008 - DATOS DE LONGITUD FIJA--INFORMACIÓN GENERAL
fixed length control field 190306b ||||| |||| 00| 0 spa d
040 ## - FUENTE DE LA CATALOGACIÓN
Agencia/entidad que catalogó originalmente la obra MUNICIPALIDAD PROVINCIAL DEL CUSCO
Entidad que transcribió la catalogación BIBLIOTECA MUNICIPAL DEL CUSCO
082 ## - NÚMERO DE LA CLASIFICACIÓN DECIMAL DEWEY
No. de la edición 3ed.
No. de Clasificación 348.68 /
Notacion interna M95
100 ## - ENTRADA PRINCIPAL--NOMBRE DE PERSONA
Nombre Personal Murguía Sánchez, Armida
245 ## - MENCIÓN DE TÍTULO
Título Sistematización de la Legislación Laboral Peruana :
Resto del título derecho individual del trabajo /
260 ## - PUBLICACIÓN, DISTRIBUCIÓN, ETC.
Lugar de publicación, distribución, etc. Lima :
Nombre de la editorial, distribuidor, etc. Ministerio de Trabajo y Promoción Social,
Fecha de publicación, distribución, etc. 1988.
300 ## - DESCRIPCIÓN FÍSICA
Nº de Páginas Extensión 365 páginas ;
Dimensiones 20.5 cm.
440 ## - MENCIÓN DE SERIE/PUNTO DE ACCESO ADICIONAL--TÍTULO
Título Legislación Laboral ;
Número de la parte/sección de una obra 7
9 (RLIN) 11075
505 ## - NOTA DE CONTENIDO CON FORMATO
Nota de contenido formateada Contenido: Derecho de Sindicación -- Negociación Colectiva -- Protección del Derecho y Fomento de la Negociación Colectiva -- Procedimientos Especiales de Reclamaciones Colectivas -- Paralizaciones Colectivas de Trabajo ...
650 ## - PUNTO DE ACCESO ADICIONAL DE MATERIA--TÉRMINO DE MATERIA
Descriptor Derecho Laboral
9 (RLIN) 5297
650 ## - PUNTO DE ACCESO ADICIONAL DE MATERIA--TÉRMINO DE MATERIA
Descriptor Derecho Sindical
9 (RLIN) 11076
650 ## - PUNTO DE ACCESO ADICIONAL DE MATERIA--TÉRMINO DE MATERIA
Descriptor Derecho Colectivo de Trabajo
9 (RLIN) 11077
700 ## - PUNTO DE ACCESO ADICIONAL--NOMBRE DE PERSONA
Nombre Personal Alcabés Voto Bernales, Nancy
9 (RLIN) 30524
942 ## - ELEMENTOS DE PUNTO DE ACCESO ADICIONAL (KOHA)
Fuente de clasificación
Tipo de item Libros-BMC
945 ## - PROCESAMIENTO DE INFORMACIÓN LOCAL (OCLC)
Catalogador acv
AAAA-MM-DD - Fecha de ingreso o modificacion 2019-04-09
Holdings
Estado de retiro (separado) Fuente de clasificación o esquema de estanterías Estado dañado Ubicación Sala donde se ubica Nombre de la colección Fecha de adquisición o compra Costo, precio normal en soles Signatura topográfica Código de Barras Última vez visto (Koha) Tipo de ítem (Koha)
No     Sala Humanidades Sala Humanidades Book Cart 2019-04-09 30.00 348.68 / M95 SH0000010220 2019-04-09 Libros-BMC

Powered by Koha